| 000 | 00579nam a2200217Ia 4500 | ||
|---|---|---|---|
| 005 | 20250508154013.0 | ||
| 008 | 008 250505s9999 xx 000 0 eng d | ||
| 037 | _aTextBook | ||
| 040 |
_aFEDL _beng _cFEDL |
||
| 041 |
_aeng _2eng |
||
| 084 |
_a370.9, MUK _qFEDL |
||
| 100 | _aMukherjee L | ||
| 245 | 0 | _aComparative education : For students and educationists | |
| 250 | _a2 | ||
| 260 |
_aAllahabad, India _bKitab Mahal _c1959 |
||
| 300 | _aviii,240p | ||
| 365 |
_aINR _b7.5 |
||
| 650 | _aEducation | ||
| 942 |
_cTB _h370.9, MUK |
||
| 999 |
_c1346969 _d1346969 |
||